| 000 | 00636nam a22002177a 4500 | ||
|---|---|---|---|
| 003 | OSt | ||
| 005 | 20170606164840.0 | ||
| 008 | 170523s2017 spc|||||||||||||| ||cat|d | ||
| 017 |
_aDL B 6893-2017 _bBiblioteca de Catalunya |
||
| 020 | _a9788494616365 | ||
| 040 |
_aES-BaURL _bcat _cCDMR |
||
| 100 | 1 |
_aCapdevila, Carles, _d1965- |
|
| 245 | 1 | 3 |
_aLa Vida que aprenc _c/ Carles Capdevila |
| 250 | _aPrimera edició: 2017 | ||
| 264 | 1 |
_aBarcelona : _bArcàdia, _c2017 |
|
| 300 |
_a208 pàgines ; _c22 cm |
||
| 500 | _aReimpressions: 2017 | ||
| 650 | 7 |
_aPàgines d'opinió _2lemac |
|
| 650 | 7 |
_aRelacions humanes _2lemac |
|
| 942 |
_cMON _2udc |
||
| 999 |
_c7037 _d7037 |
||